Tableros contrachapados y otros paneles a base de madera

Збережено в:
Бібліографічні деталі
Формат: Книга
Мова:Іспанська
Опубліковано: Roma FAO 1968
Предмети:
Теги: Додати тег
Немає тегів, Будьте першим, хто поставить тег для цього запису!

MARC

LEADER 00000nam a2200000 a 4500
001 UCU7516
003 CL-VaPUC
005 20211117074451.0
008 960705e19680000it 1 spa d
082 0 4 |a 691.1  |b TAB  |2 21 
245 1 0 |a Tableros contrachapados y otros paneles a base de madera 
260 |a Roma  |b FAO  |c 1968 
300 |a 250 p 
583 |a last modification  |c 19960705 00:00:00  |k Rodrigo Vera 
650 0 7 |a MADERA DE CONSTRUCCION  |2 CL-VaPUC  |9 337364 
650 0 0 |a Materiales de construcción  |9 260197 
650 0 0 |a Elementos estructurales  |9 350100 
650 0 7 |a PRODUCTOS DE MADERA  |2 CL-VaPUC  |9 337363 
650 0 0 |a Construcción  |9 260195 
650 0 0 |a Aspectos económicos  |9 255165 
650 0 7 |a INDUSTRIA DE LA MADERA  |2 CL-VaPUC  |9 365598 
942 |c BK 
945 |a cmena  |d 19960705 00:00:00 
546 |a En Español 
518 |p Consulta Internacional sobre Tableros contrachapados y otros paneles a base de Madera, Roma, 8 al 19 de Julio de 1963 
999 |c 382701  |d 382699